000 00839nam a22003137a 4500
001 BR9301260
003 BR-BrBNA
005 20230928093847.0
007 ta
008 230509b bl.||||| |||| 00| 0 por d
040 _aBR-BrBNA
_bpor
_cBiblioteca Nacional de Agricultura
041 _a(Por)
072 _aF01
_b1190
090 _ 1190 BR9301260
100 1 _aSouza, N.F. de
100 1 _aAraujo, F.S. de
100 1 _aBarbosa, C.A.V.
100 1 _aFranca, A.P. de
110 1 _aEmpresa de Assistencia Tecnica e Extensao Rural do Estado de Pernambuco, Recife (Brasil)
245 1 _aConheca a acerola
260 3 _aRecife, PE (Brasil):
_c1992.
300 _a9 p.
500 _a8 illus.
650 _aAcerola
650 _aPratica Cultural
650 _aPratico
909 _a202309
_bLucia
_c55
_dLucia Elande
942 _cBK
999 _c47553
_d47553